एक हरवलेला किनारा (Record no. 181242)

MARC details
000 -LEADER
fixed length control field 00450nam a2200145Ia 4500
008 - FIXED-LENGTH DATA ELEMENTS--GENERAL INFORMATION
fixed length control field 090124s9999 xx 000 0 und d
082 ## - DEWEY DECIMAL CLASSIFICATION NUMBER
Item number 134061
Classification number 103769
245 ## - TITLE STATEMENT
Title एक हरवलेला किनारा
250 ## - EDITION STATEMENT
Edition statement 1
260 ## - PUBLICATION, DISTRIBUTION, ETC. (IMPRINT)
Name of publisher, distributor, etc वैद्य सुरेश.
Date of publication, distribution, etc 2006
300 ## - PHYSICAL DESCRIPTION
Extent 316
630 ## - SUBJECT ADDED ENTRY--UNIFORM TITLE
Uniform title एक हरवलेला किनारा
730 ## - ADDED ENTRY--UNIFORM TITLE
Uniform title एक हरवलेला किनारा
942 ## - ADDED ENTRY ELEMENTS (KOHA)
Koha item type Book
Holdings
Withdrawn status Lost status Damaged status Not for loan Home library Current library Date acquired Cost, normal purchase price Total Checkouts Full call number Barcode Date last seen Cost, replacement price Price effective from Koha item type
        Marathi Granth Sangrahalaya,Thane Marathi Granth Sangrahalaya,Thane   310.00   134061 THNMGS-134061 01/24/2009 310.00 01/24/2009 Book